| 000 | 00625nam a2200193 i 4500 | ||
|---|---|---|---|
| 001 | 171329 | ||
| 003 | ES-MaACL | ||
| 005 | 20250808062801.0 | ||
| 008 | 090511s1967 sp |||| | spa d | ||
| 017 | _aM 20463-1967 | ||
| 100 | 0 |
_aRoyo Marín, Antonio. _9100232 |
|
| 245 | 1 | 0 |
_aEspiritualidad de los seglares / _cpor Antonio Royo Marín. |
| 260 |
_aMadrid : _b[La Editorial Católica], _c1967. |
||
| 300 |
_aXII, 858 p., 1 h. ; _c20 cm. |
||
| 490 | 1 |
_aBiblioteca de autores cristianos ; _v272 |
|
| 830 | 0 | 0 |
_aBiblioteca de autores cristianos _v272 _9178679 |
| 852 |
_aES-MaACL _jJ-267 _9R.46092 |
||
| 999 |
_c171329 _d171329 |
||